Inodoro Pereyra 26 /

Guardado en:
Autor Principal: Fontanarrosa, Roberto.
Formato: Libro
Idioma:Undetermined
Publicado: Buenos Aires : de la Flor, 2006.
Edición:2a ed.
Materias:
Etiquetas: Agregar Etiqueta
Sin Etiquetas, Sea el primero en etiquetar este registro!
LEADER 00566nam a22001935a 4500
001 CEM.cems021180
008 240528s2006####ag############000#0#und#d
005 20240528174440.0
245 1 0 |a Inodoro Pereyra 26 /  |c Roberto Fontanarrosa. 
250 |a 2a ed. 
260 |a Buenos Aires :  |b de la Flor,  |c 2006. 
300 |a 120 p. 
020 |a 9505157517 
100 1 |a Fontanarrosa, Roberto. 
653 |a Historieta 
653 |a Humor gráfico 
653 |a Literatura argentina 
653 |a Historieta argentina 
859 |a CEMS  |b BIB. CEMS - 11 de abril  |h A867.4  |i F734  |p 29539.23  |t Ej.1